Statistics for Random Country Shapes Quiz #1

Click here to take the quiz!

General Stats

  • This quiz has been taken 93 times
  • The average score is 15 of 16

Answer Stats

Answer% Correct
India
100%
Mexico
100%
United Kingdom
100%
Australia
99%
Brazil
99%
France
99%
Japan
99%
United States
99%
China
97%
Russia
97%
Egypt
96%
South Africa
96%
Germany
93%
Turkey
93%
Argentina
89%
Venezuela
80%

Score Distribution

Percentile by Number Answered

Percent of People with Each Score

Your Score History

You have not taken this quiz